000 00358nam a2200133Ia 4500
008 151001s9999||||xx |||||||||||||| ||und||
100 _aगोविंद केळकर
245 _aप्रीत फुले चांदण्यात
250 _a1
260 _bमित्रसमाज
260 _c2012
300 _a200
365 _b18
999 _c998987
_d998984